[Event "AUTO-INT-3544"]
[Site "http://www.queenalice.com/game.php?id=1614187"]
[Date "2020.5.28"]
[Round "1"]
[White "sylvainl1855"]
[Black "SamuraiJOM"]
[Result "0-1"]
[WhiteElo "1300"]
[BlackElo "1557"]

1. e3 e5 2. d4 Nc6 3. dxe5 Nxe5 4. f4 Nc6 5. e4 d6 6. f5 Nf6 7. h4 d5 8. exd5
Ne5 9. Nf3 Bd6 10. Qe2 Bd7 11. Nxe5 Bxe5 12. Qxe5+ Qe7 13. Bf4 Bxf5 14. Bb5+ Bd7
15. Bxd7+ Nxd7 16. Qe2 Qxe2+ 17. Kxe2 c6 18. dxc6 bxc6 19. Be5 Nxe5 20. Rd1 O-O
21. Nc3 Rfe8 22. Kf1 Ng4 23. Kg1 a5 24. a3 a4 25. b3 Re6 26. bxa4 Ne3 27. Re1 h5
28. Nd1 Nxd1 29. Rexd1 Rxa4 30. Rab1 Rxa3 0-1

[Event "AUTO-INT-3544"]
[Site "http://www.queenalice.com/game.php?id=1614188"]
[Date "2020.5.28"]
[Round "1"]
[White "SamuraiJOM"]
[Black "sylvainl1855"]
[Result "1-0"]
[WhiteElo "1686"]
[BlackElo "1462"]

1. e4 d6 2. d4 b6 3. Nf3 c5 4. dxc5 bxc5 5. e5 f6 6. exd6 exd6 7. Bc4 Bb7 8.
Nbd2 Qe7+ 9. Be2 Qe6 10. O-O Qd5 11. Bb5+ Nd7 12. Re1+ Kf7 13. Bc4 Qxc4 14. Nxc4
Ba6 15. Nxd6+ Kg6 16. Nh4# 1-0

[Event "Challenge"]
[Site "http://www.queenalice.com/game.php?id=1614354"]
[Date "2020.5.29"]
[Round "-"]
[White "Jules2006"]
[Black "sylvainl1855"]
[Result "1/2-1/2"]
[WhiteElo "1407"]
[BlackElo "1490"]

1. e3 d6 2. Bb5+ c6 3. Bf1 b5 4. b3 Bb7 5. Bb2 Na6 6. a3 c5 7. h4 Nf6 8. g4 Bxh1
9. g5 Qc8 10. Bh3 Qc6 11. gxf6 exf6 12. Qg4 Rd8 13. a4 bxa4 14. Rxa4 Bd5 15. Qe2
Nc7 16. Rxa7 Nb5 17. Ra5 Rb8 18. Qg4 Be6 19. Qf3 Qb6 20. Ra4 Bxh3 21. Nxh3 Be7
22. Bc3 Nxc3 23. dxc3 c4 24. Rb4 Qc7 25. Rxb8+ Qxb8 26. Qc6+ Kd8 27. Na3 cxb3
28. cxb3 Qxb3 29. Nb5 Qb1+ 30. Ke2 Qc2+ 31. Kf3 d5 32. Qc7+ Ke8 33. Qc8+ Bd8 34.
Nd6+ Ke7 35. Nc4 dxc4 36. Nf4 Qxc3 37. Nd5+ Kd6 38. Nxc3 g5 39. hxg5 fxg5 40.
Nb5+ Kd5 41. Qd7+ Kc5 42. Qd6+ Kxb5 43. e4 c3 44. Qd4 Ba5 45. Qxh8 c2 46. Qb2+
Bb4 47. Qxc2 h5 48. e5 g4+ 49. Kf4 Ka5 50. Qb3 Bd2+ 51. Ke4 h4 52. Qb1 Bc3 53.
Qd1 g3 54. fxg3 hxg3 55. Qg1 f6 56. exf6 Bxf6 57. Qxg3 Be7 58. Qe5+ Bc5 59.
Qxc5+ Ka6 60. Kd5 Kb7 61. Kd6 Ka6 62. Kc6 1/2-1/2

[Event "Challenge"]
[Site "http://www.queenalice.com/game.php?id=1614395"]
[Date "2020.5.30"]
[Round "-"]
[White "sylvainl1855"]
[Black "Jules2006"]
[Result "1-0"]
[WhiteElo "1436"]
[BlackElo "1442"]

1. d3 g6 2. Bd2 Bg7 3. Bc3 Bxc3+ 4. bxc3 b6 5. f3 Bb7 6. e4 e6 7. d4 g5 8. d5
exd5 9. exd5 Bxd5 10. c4 Bc6 11. Qd4 Ke7 12. Qxh8 Ke8 13. Qxg8+ Ke7 14. Qxd8+
Kxd8 15. g3 g4 16. fxg4 Bxh1 17. h4 Nc6 18. h5 Nb4 19. Na3 Ke7 20. Rd1 Rg8 21.
Be2 Rg5 22. Nh3 Rf5 23. gxf5 Bg2 24. Bg4 Nc6 25. Ng5 Ne5 26. Be2 Nc6 27. Nxh7
Nd4 28. Bd3 Nf3+ 29. Kf2 Nh4 30. gxh4 Bf3 31. Kxf3 d5 32. cxd5 Kd6 33. h6 Ke5
34. Be4 Kd6 35. Nf8 Kc5 36. h7 Kb4 37. h8=Q Kxa3 38. Qc3+ Kxa2 39. Qa1# 1-0

[Event "Challenge"]
[Site "http://www.queenalice.com/game.php?id=1614582"]
[Date "2020.5.30"]
[Round "-"]
[White "sylvainl1855"]
[Black "Jules2006"]
[Result "1-0"]
[WhiteElo "1431"]
[BlackElo "1436"]

1. d3 g6 2. Bd2 Bg7 3. Bc3 Bxc3+ 4. Nxc3 b6 5. d4 Bb7 6. Na4 b5 7. Nc3 f5 8.
Nxb5 e6 9. Qd2 c6 10. Na3 c5 11. Qf4 d6 12. dxc5 e5 13. Qd2 dxc5 14. Qe3 Qf6 15.
Qxc5 Kd8 16. Rd1+ Nd7 17. Qc3 Rc8 18. Qd2 Ne7 19. Qxd7# 1-0

[Event "Challenge"]
[Site "http://www.queenalice.com/game.php?id=1614583"]
[Date "2020.5.30"]
[Round "-"]
[White "Jules2006"]
[Black "sylvainl1855"]
[Result "0-1"]
[WhiteElo "1407"]
[BlackElo "1452"]

1. b3 f6 2. g3 c6 3. Bg2 g5 4. Bb2 e5 5. d4 exd4 6. Bxd4 Qa5+ 7. c3 Qf5 8. Qd3
Qe6 9. c4 b5 10. Be4 bxc4 11. Qxc4 Qxe4 12. f3 Qe7 13. Qa4 Qd6 14. Bxa7 Qc7 15.
Qd4 Qb7 16. Bc5 Bxc5 17. Qxc5 Ne7 18. Qf5 Nxf5 19. Nh3 Qb6 20. f4 gxf4 21. Nxf4
Ba6 22. Nh5 Qb5 23. Kf1 Qxe2+ 24. Kg1 Qb2 25. Nxf6+ Kf7 26. Ng4 Qxa1 27. Kg2
Qxb1 28. Rxb1 Bd3 29. Rd1 Be4+ 30. Kf2 Bc2 31. Rd2 Rxa2 32. Ne3 Nxe3 33. Kxe3
Re8+ 34. Kd4 Re4+ 35. Kc3 Bb1 36. Rxa2 Bxa2 37. Kd3 Rb4 38. Kc3 Rxb3+ 39. Kc4
Rb5+ 40. Kd3 d5 41. Kd4 c5+ 42. Kc3 d4+ 43. Kd3 Rb3+ 44. Kc4 Rb4+ 45. Kxc5 Rc4+
46. Kd5 d3 47. g4 d2 48. h4 d1=Q+ 49. Ke5 Nc6+ 50. Kf5 Qd5# 0-1

[Event "Challenge"]
[Site "http://www.queenalice.com/game.php?id=1614585"]
[Date "2020.5.30"]
[Round "-"]
[White "Jules2006"]
[Black "sylvainl1855"]
[Result "1-0"]
[WhiteElo "1408"]
[BlackElo "1447"]

1. b3 e6 2. Bb2 f6 3. g3 b6 4. Bg2 c6 5. Nf3 d5 6. Nd4 Qd7 7. Bh3 c5 8. Nxe6 Be7
9. Nxg7+ Kd8 10. Bxd7 Kxd7 11. Nh5 Nh6 12. Nxf6+ Ke6 13. Ne8 Rxe8 14. c3 Bf6 15.
Qc2 Rh8 16. c4 dxc4 17. Bxf6 Kxf6 18. Qc3+ Kf7 19. Qxh8 Bb7 20. Qxh7+ Ke8 21. f3
Nd7 22. Qxh6 cxb3 23. Qd6 Bc8 24. Qc6 Rb8 25. Na3 b2 26. Rd1 b5 27. Nxb5 Bb7 28.
Qc7 Rc8 29. Qxb7 c4 30. Qxc8+ Ke7 31. Rb1 Nb6 32. Qc7+ 1-0

[Event "AUTO-INT-3545"]
[Site "http://www.queenalice.com/game.php?id=1614749"]
[Date "2020.6.1"]
[Round "1"]
[White "sylvainl1855"]
[Black "Tenor"]
[Result "0-1"]
[WhiteElo "1285"]
[BlackElo "1489"]

1. d3 d5 2. f3 d4 3. c3 e5 4. cxd4 exd4 5. Qa4+ Bd7 6. Qxd4 Nc6 7. Qe4+ Qe7 8.
Qxe7+ Bxe7 9. Bf4 Bd6 10. Bxd6 cxd6 11. Nh3 Nd4 12. Na3 b5 13. Rc1 a6 14. Rc7
Rc8 15. Rxc8+ Bxc8 16. e4 Nf6 17. Nf4 O-O 18. g4 Nxf3+ 19. Ke2 Nd4+ 20. Ke3 Ne6
21. Bh3 Nc5 22. b4 Na4 0-1

[Event "AUTO-INT-3545"]
[Site "http://www.queenalice.com/game.php?id=1614750"]
[Date "2020.6.1"]
[Round "1"]
[White "Tenor"]
[Black "sylvainl1855"]
[Result "1-0"]
[WhiteElo "1481"]
[BlackElo "1294"]

1. Nf3 e6 2. e4 d5 3. e5 f6 4. d4 fxe5 5. Nxe5 Bb4+ 6. Bd2 Bxd2+ 7. Nxd2 Nd7 8.
Bb5 c6 9. Bd3 Nxe5 10. dxe5 Qg5 11. O-O Qxe5 12. c3 Qg5 13. Nf3 Qg4 14. Ne5 Qg5
15. Qe2 c5 16. Bb5+ Kf8 17. Qf3+ Nf6 18. Rad1 Qxe5 19. Rfe1 h5 20. Rxe5 h4 21.
h3 Bd7 22. Bxd7 Rd8 23. Bxe6 1-0

[Event "AUTO-INT-3545"]
[Site "http://www.queenalice.com/game.php?id=1614751"]
[Date "2020.6.1"]
[Round "1"]
[White "sylvainl1855"]
[Black "byyonico"]
[Result "0-1"]
[WhiteElo "1370"]
[BlackElo "1510"]

1. d3 d5 2. b3 e5 3. Bb2 d4 4. e3 c5 5. exd4 cxd4 6. Qh5 Nc6 7. g3 Nf6 8. Qh4
Be7 9. Bh3 O-O 10. Bg2 Nd5 11. Be4 Bxh4 12. gxh4 f5 13. Bf3 Qxh4 14. Bxd5+ Kh8
15. Nf3 Qh3 0-1

[Event "AUTO-INT-3545"]
[Site "http://www.queenalice.com/game.php?id=1614752"]
[Date "2020.6.1"]
[Round "1"]
[White "byyonico"]
[Black "sylvainl1855"]
[Result "1-0"]
[WhiteElo "1487"]
[BlackElo "1313"]

1. e4 e6 2. d4 d5 3. e5 f6 4. f4 fxe5 5. fxe5 g6 6. Nf3 Nc6 7. Be2 Bb4+ 8. Nc3
Be7 9. O-O Nh6 10. a3 Nf5 11. g4 Nh4 12. Bh6 Nxf3+ 13. Rxf3 Bg5 14. Bg7 Rg8 15.
Bf6 1-0

[Event "AUTO-OPEN-4182"]
[Site "http://www.queenalice.com/game.php?id=1615414"]
[Date "2020.6.6"]
[Round "1"]
[White "rich"]
[Black "sylvainl1855"]
[Result "1-0"]
[WhiteElo "2076"]
[BlackElo "1268"]

1. e4 c6 2. d4 d5 3. exd5 cxd5 4. c4 dxc4 5. Bxc4 a6 6. Nc3 e6 7. a4 Qd7 8. Nf3
Qe7 9. O-O Qb4 10. Bb3 Qd6 11. Be3 Qc7 12. Rc1 1-0

[Event "AUTO-OPEN-4182"]
[Site "http://www.queenalice.com/game.php?id=1615415"]
[Date "2020.6.6"]
[Round "1"]
[White "sylvainl1855"]
[Black "rich"]
[Result "0-1"]
[WhiteElo "1270"]
[BlackElo "2074"]

1. d3 e5 2. e3 d5 3. d4 e4 4. f3 Bf5 5. fxe4 Bxe4 6. Bb5+ c6 7. Be2 Nf6 8. Bf3
Bd6 9. Nc3 O-O 10. Nxe4 dxe4 0-1

[Event "AUTO-OPEN-4182"]
[Site "http://www.queenalice.com/game.php?id=1615445"]
[Date "2020.6.6"]
[Round "1"]
[White "Pharaoh"]
[Black "sylvainl1855"]
[Result "1-0"]
[WhiteElo "1606"]
[BlackElo "1391"]

1. e4 c6 2. d4 d5 3. e5 f6 4. Nf3 fxe5 5. dxe5 Qc7 6. Bf4 Qa5+ 7. c3 Qb6 8. b3
Qa5 9. b4 Qb6 10. Be2 Bg4 11. Qd4 1-0

[Event "AUTO-OPEN-4182"]
[Site "http://www.queenalice.com/game.php?id=1615446"]
[Date "2020.6.6"]
[Round "1"]
[White "sylvainl1855"]
[Black "CCapivara"]
[Result "0-1"]
[WhiteElo "1343"]
[BlackElo "2070"]

1. e3 d5 2. f3 e5 3. d4 exd4 4. exd4 Nf6 5. Qe2+ Be7 6. Bg5 O-O 7. Qf2 Nc6 8.
Qg3 Nh5 9. Qh4 Bxg5 10. Qxh5 Bc1 0-1

[Event "AUTO-OPEN-4182"]
[Site "http://www.queenalice.com/game.php?id=1615447"]
[Date "2020.6.6"]
[Round "1"]
[White "CCapivara"]
[Black "sylvainl1855"]
[Result "1-0"]
[WhiteElo "2072"]
[BlackElo "1341"]

1. e4 c6 2. d4 d5 3. exd5 cxd5 4. Nf3 Qa5+ 5. c3 f6 6. Bd3 Nh6 7. Bxh6 gxh6 8.
Nbd2 Qc7 9. O-O e6 10. Bb5+ Bd7 11. Bxd7+ 1-0

[Event "Challenge"]
[Site "http://www.queenalice.com/game.php?id=1617428"]
[Date "2020.6.21"]
[Round "-"]
[White "sylvainl1855"]
[Black "bertaud"]
[Result "0-1"]
[WhiteElo "1277"]
[BlackElo "1603"]

1. e3 e5 2. d4 Nc6 3. Ne2 Nf6 4. f4 e4 5. Nd2 d5 6. a4 Bg4 7. h3 Bxe2 8. Bxe2
Bb4 9. c3 Bd6 10. O-O O-O 11. b4 a6 12. Ba3 b5 13. axb5 axb5 14. Bxb5 Qd7 15. c4
dxc4 16. Nxc4 Rab8 17. Nxd6 cxd6 18. Bc4 Nxb4 19. Bxb4 Rxb4 20. Be2 d5 21. Bg4
Qe7 22. Ra6 Nxg4 23. hxg4 g6 24. f5 g5 25. f6 Qb7 26. Qe2 Rb1 27. Ra1 Rxf1+ 28.
Rxf1 Qc7 29. Qf2 Re8 0-1